[Event "Wch Juvenil 2013 sub-14"]
[Site "Al-Ain UAE"]
[Date "2013.12.25"]
[Round "8.56"]
[White "Wang, Yiou"]
[Black "Garcia Herrera, Enrique Ric"]
[Result "1-0"]
[WhiteElo "1889"]
[BlackElo "1662"]
[PlyCount "89"]
[EventDate "2013.12.19"]
[EventType "swiss"]
[EventRounds "11"]
[EventCountry "UAE"]
[Source "lmi"]
[SourceDate "2013.12.19"]

1. e4 c5 2. Nf3 e6 3. d4 cxd4 4. Nxd4 a6 5. Bd3 Nf6 6. O-O Qc7 7. Qe2 d6 8. a4
Nc6 9. Nb3 Be7 10. a5 O-O 11. f4 Nd7 12. N1d2 b6 13. axb6 Qxb6+ 14. Kh1 Nb4 15.
Nc4 Qc7 16. Bd2 Nxd3 17. cxd3 Qb8 18. Nba5 Bb7 19. Bc3 d5 20. Ne5 Nxe5 21. Bxe5
Qa7 22. Qg4 g6 23. f5 exf5 24. exf5 Bc8 25. Qg3 Qb6 26. f6 Bb4 27. Bc7 Qb5 28.
Rf4 Re8 29. h3 Qc5 30. Rh4 Qe3 31. Qxe3 Rxe3 32. Rxb4 Rxd3 33. Re1 Be6 34. Bb8
h6 35. Rb7 d4 36. Rxe6 Rd1+ 37. Kh2 g5 38. Re8+ Kh7 39. Rxf7+ Kg6 40. Rff8 Rd2
41. f7 Rxb2 42. Re6+ Kg7 43. Ree8 Rb5 44. Nc6 d3 45. Be5+ 1-0

[Event "Wch Juvenil 2013 sub-14"]
[Site "Al-Ain UAE"]
[Date "2013.12.25"]
[Round "8.57"]
[White "Plenca, Jadranko"]
[Black "Nero, Georg"]
[Result "1-0"]
[WhiteElo "2168"]
[BlackElo "1706"]
[PlyCount "51"]
[EventDate "2013.12.19"]
[EventType "swiss"]
[EventRounds "11"]
[EventCountry "UAE"]
[Source "lmi"]
[SourceDate "2013.12.19"]

1. e4 c6 2. d4 d5 3. Nd2 dxe4 4. Nxe4 Bf5 5. Ng3 Bg6 6. Bc4 e6 7. N1e2 Nf6 8.
h4 h6 9. Nf4 Bh7 10. Bb3 Nbd7 11. Qf3 Qc7 12. Be3 Nd5 13. Nxd5 cxd5 14. O-O Bd6
15. Nh5 O-O 16. Rac1 b5 17. c3 f5 18. Bf4 Nf6 19. Nxg7 Qxg7 20. Bxd6 Rf7 21.
Be5 Raf8 22. Rfe1 Qg4 23. Qf4 Rg7 24. g3 Nh5 25. Qxg4 Rxg4 26. Bd1 1-0

[Event "Wch Juvenil 2013 sub-14"]
[Site "Al-Ain UAE"]
[Date "2013.12.25"]
[Round "8.58"]
[White "Kazakovskiy, Valeriy"]
[Black "Bennett, Owen"]
[Result "1-0"]
[WhiteElo "2023"]
[BlackElo "1695"]
[PlyCount "48"]
[EventDate "2013.12.19"]
[EventType "swiss"]
[EventRounds "11"]
[EventCountry "UAE"]
[Source "lmi"]
[SourceDate "2013.12.19"]

1. e4 c5 2. Nf3 e6 3. d4 cxd4 4. Nxd4 Nf6 5. Nc3 Nc6 6. Ndb5 Bb4 7. a3 Bxc3+ 8.
Nxc3 d5 9. exd5 exd5 10. Bd3 Bg4 11. Ne2 O-O 12. O-O Ne5 13. f3 Nxd3 14. Qxd3
Be6 15. Be3 a6 16. Bd4 Rc8 17. Rfe1 Nd7 18. Nf4 Re8 19. Bc3 Qb6+ 20. Kh1 Qd6
21. Qe2 Nb6 22. Nh5 f6 23. Nxg7 Nc4 24. Nxe8 Rxe8 1-0

[Event "Wch Juvenil 2013 sub-14"]
[Site "Al-Ain UAE"]
[Date "2013.12.25"]
[Round "8.59"]
[White "Agulhas, Keegan"]
[Black "Oliveira, Tiago Lopes"]
[Result "0-1"]
[WhiteElo "1616"]
[BlackElo "1930"]
[PlyCount "70"]
[EventDate "2013.12.19"]
[EventType "swiss"]
[EventRounds "11"]
[EventCountry "UAE"]
[Source "lmi"]
[SourceDate "2013.12.19"]

1. e4 c5 2. Nf3 d6 3. d4 cxd4 4. Nxd4 Nf6 5. Nc3 a6 6. a4 e6 7. Be2 Be7 8. Be3
O-O 9. O-O b6 10. f4 Bb7 11. Bf3 Qc7 12. Qe1 Nbd7 13. Nb3 d5 14. exd5 exd5 15.
Rd1 Bb4 16. Bd2 Bc5+ 17. Kh1 Rfe8 18. Qg3 d4 19. Ne2 Ne4 20. Bxe4 Rxe4 21. Qd3
Qc6 22. Rf2 Qxa4 23. Ra1 Qc6 24. Nexd4 Qd5 25. Bc3 Rae8 26. Nxc5 Nxc5 27. Qd2
Re3 28. Raf1 h6 29. Kg1 Na4 30. f5 Nxc3 31. bxc3 a5 32. f6 Ba6 33. Rb1 Re2 34.
Qf4 Re1+ 35. Rf1 Bxf1 0-1

[Event "Wch Juvenil 2013 sub-14"]
[Site "Al-Ain UAE"]
[Date "2013.12.25"]
[Round "8.60"]
[White "Yu, Wenlu"]
[Black "Ho, Jei-Chen"]
[Result "0-1"]
[WhiteElo "1862"]
[BlackElo "1694"]
[PlyCount "108"]
[EventDate "2013.12.19"]
[EventType "swiss"]
[EventRounds "11"]
[EventCountry "UAE"]
[Source "lmi"]
[SourceDate "2013.12.19"]

1. e4 e6 2. d4 d5 3. Nc3 Nf6 4. exd5 exd5 5. Bd3 Be7 6. Nf3 O-O 7. O-O Bg4 8.
h3 Bh5 9. Re1 Nc6 10. Be3 a6 11. a3 b5 12. a4 b4 13. Nb1 Ne4 14. Nbd2 Nxd2 15.
Qxd2 Bxf3 16. gxf3 f5 17. f4 Bd6 18. Kh2 Qh4 19. c3 g5 20. Rg1 Kh8 21. f3 h5
22. Rg2 Rae8 23. Re1 Re7 24. Bf1 Bxf4+ 25. Kg1 Rfe8 26. Rge2 Bxe3+ 27. Rxe3
Qg3+ 28. Bg2 Qd6 29. cxb4 Nxb4 30. Rxe7 Rxe7 31. Re5 Rxe5 32. dxe5 Qc5+ 33. Kh1
f4 34. h4 a5 35. hxg5 Qe3 36. Qc3 Qxc3 37. bxc3 Nc6 38. e6 Kg7 39. Bf1 Kg6 40.
Bb5 Ne7 41. Be8+ Kxg5 42. Kg2 Kf6 43. Bxh5 Kxe6 44. Kf2 Nc6 45. Bg4+ Kd6 46.
Bc8 Kc5 47. Ba6 Ne5 48. Be2 d4 49. cxd4+ Kxd4 50. Ba6 c5 51. Ke2 Kc3 52. Bb5 c4
53. Be8 Kb2 54. Bb5 c3 0-1

[Event "Wch Juvenil 2013 sub-14"]
[Site "Al-Ain UAE"]
[Date "2013.12.25"]
[Round "8.73"]
[White "Valkama, Arvo"]
[Black "Jamar, Vadim"]
[Result "0-1"]
[WhiteElo "1481"]
[BlackElo "1803"]
[PlyCount "70"]
[EventDate "2013.12.19"]
[EventType "swiss"]
[EventRounds "11"]
[EventCountry "UAE"]
[Source "lmi"]
[SourceDate "2013.12.19"]

1. e4 c5 2. Nf3 e6 3. d4 cxd4 4. Nxd4 Nc6 5. c4 Nf6 6. Nc3 Bb4 7. f3 a6 8. Nxc6
bxc6 9. Be2 d5 10. cxd5 Bxc3+ 11. bxc3 cxd5 12. Qa4+ Bd7 13. Qd4 dxe4 14. fxe4
Bc6 15. Qxd8+ Rxd8 16. e5 Nd7 17. Bxa6 Nxe5 18. O-O Ra8 19. Bf4 Ng6 20. Bc4 Ra4
21. Rab1 Rxc4 22. Rb8+ Ke7 23. Rb4 Rxf4 24. Rbxf4 Nxf4 25. Rxf4 Ra8 26. Rc4 Bd7
27. Rg4 g6 28. Rh4 h5 29. Rb4 Rxa2 30. Rb7 Rc2 31. Rc7 Kd6 32. Rc4 Bc6 33. Rd4+
Bd5 34. g3 Rxc3 35. h4 Rxg3+ 0-1

[Event "Wch Juvenil 2013 sub-14"]
[Site "Al-Ain UAE"]
[Date "2013.12.25"]
[Round "8.74"]
[White "Hiebert, Kenji"]
[Black "Kwun, Minhyeok"]
[Result "1-0"]
[WhiteElo "1769"]
[BlackElo "1461"]
[PlyCount "29"]
[EventDate "2013.12.19"]
[EventType "swiss"]
[EventRounds "11"]
[EventCountry "UAE"]
[Source "lmi"]
[SourceDate "2013.12.19"]

1. e4 d6 2. d4 Nf6 3. Nc3 g6 4. f3 Bg7 5. Be3 O-O 6. Qd2 Na6 7. O-O-O Nd7 8.
Bh6 c5 9. dxc5 Ndxc5 10. h4 Nb4 11. Kb1 Be6 12. Bxg7 Kxg7 13. Qd4+ Kg8 14. Qxb4
a5 15. Qd4 1-0

[Event "Wch Juvenil 2013 sub-14"]
[Site "Al-Ain UAE"]
[Date "2013.12.25"]
[Round "8.75"]
[White "Mukhopadhyay, Srinjay"]
[Black "Ali, Abdulaziz"]
[Result "0-1"]
[WhiteElo "1336"]
[BlackElo "1739"]
[PlyCount "76"]
[EventDate "2013.12.19"]
[EventType "swiss"]
[EventRounds "11"]
[EventCountry "UAE"]
[Source "lmi"]
[SourceDate "2013.12.19"]

1. e4 c5 2. Nc3 Nc6 3. g3 g6 4. Bg2 Bg7 5. d3 d6 6. Be3 e6 7. Qd2 Nge7 8. f4
O-O 9. Nf3 Rb8 10. O-O b5 11. a3 a5 12. Rab1 b4 13. axb4 axb4 14. Ne2 Ra8 15.
e5 Bb7 16. exd6 Qxd6 17. Nc1 Na5 18. Qf2 Rfc8 19. Nd2 Bxg2 20. Kxg2 Nf5 21. Ne4
Nxe3+ 22. Qxe3 Qd5 23. Qf3 c4 24. Rf2 b3 25. c3 cxd3 26. Qxd3 Qc6 27. Kf1 Rab8
28. Qf3 Rd8 29. Ra1 Qb5+ 30. Qe2 Nc4 31. Kg1 Qd5 32. Ra4 Nxb2 33. Qxb2 Qc6 34.
Rd4 Bxd4 35. cxd4 Qxe4 36. Rd2 Rdc8 37. Nd3 Rc4 38. Ne5 Rc2 0-1

[Event "Wch Juvenil 2013 sub-14"]
[Site "Al-Ain UAE"]
[Date "2013.12.25"]
[Round "8.76"]
[White "Bedon, Kevin"]
[Black "Abdullatif, Hassan"]
[Result "1-0"]
[WhiteElo "1671"]
[BlackElo "1399"]
[PlyCount "95"]
[EventDate "2013.12.19"]
[EventType "swiss"]
[EventRounds "11"]
[EventCountry "UAE"]
[Source "lmi"]
[SourceDate "2013.12.19"]

1. e4 d6 2. d4 Nf6 3. Nc3 Nbd7 4. f3 e5 5. d5 c6 6. Bg5 Be7 7. Bxf6 Nxf6 8. Bc4
O-O 9. a4 cxd5 10. Nxd5 Be6 11. Nxf6+ Bxf6 12. Bd3 Rc8 13. Ne2 Be7 14. O-O f5
15. exf5 Bxf5 16. Bxf5 Rxf5 17. Qd5+ Rf7 18. Qb3 Qc7 19. Rac1 Qc4 20. Qxc4 Rxc4
21. b3 Rc6 22. c4 Bg5 23. Rcd1 Be3+ 24. Kh1 Bc5 25. Nc3 Bd4 26. Nd5 a5 27. f4
Rc8 28. f5 Rcf8 29. g4 h6 30. Kg2 Kh7 31. Kf3 g6 32. f6 e4+ 33. Kxe4 Bxf6 34.
Nxf6+ Rxf6 35. Rxf6 Rxf6 36. Rd5 b6 37. Rb5 g5 38. Kd5 Rf4 39. h3 Rf3 40. Rxb6
Rxh3 41. Kxd6 Rg3 42. c5 Rxg4 43. c6 Rf4 44. c7 Rf6+ 45. Kc5 Rf1 46. Rc6 Rf5+
47. Kd4 Rf4+ 48. Ke3 1-0

[Event "Wch Juvenil 2013 sub-14"]
[Site "Al-Ain UAE"]
[Date "2013.12.25"]
[Round "8.83"]
[White "Kellei, Ronnie"]
[Black "Noori, Sabah Nori"]
[Result "0-1"]
[WhiteElo "1742"]
[BlackElo "1742"]
[PlyCount "128"]
[EventDate "2013.12.19"]
[EventType "swiss"]
[EventRounds "11"]
[EventCountry "UAE"]
[Source "lmi"]
[SourceDate "2013.12.19"]

1. e4 e5 2. b3 Nf6 3. Nc3 Bc5 4. Bb2 d6 5. Bd3 Ng4 6. Nh3 Qh4 7. Qf3 Nc6 8. Nd5
O-O 9. Nxc7 Rb8 10. Qg3 Qh6 11. O-O-O Nb4 12. Kb1 Nxd3 13. cxd3 f5 14. f3 f4
15. Qe1 Nf6 16. Qf1 Bd7 17. Nd5 Nxd5 18. exd5 Bf5 19. Ka1 Qg6 20. Nf2 Bxf2 21.
Qxf2 Bxd3 22. Rhg1 a5 23. Rc1 a4 24. b4 a3 25. Bxa3 Qf7 26. Rc3 Qxd5 27. Rgc1
Ra8 28. Qe1 b5 29. h3 Bc4 30. d3 Bxa2 31. Qd2 Bb3 32. Qb2 Ba4 33. Qa2 Qxa2+ 34.
Kxa2 Ra7 35. Rc8 Rxc8 36. Rxc8+ Kf7 37. Rh8 h6 38. Rc8 Bd1 39. Rb8 Be2 40. Rxb5
Bxd3 41. Ra5 Rc7 42. b5 Ke6 43. h4 Bf1 44. Ra6 Rd7 45. Rb6 Bxg2 46. Rb8 Bxf3
47. b6 e4 48. b7 Kd5 49. Rf8 Rxb7 50. Rxf4 Ke5 51. Rf8 d5 52. Bb2+ Kd6 53. Rd8+
Ke6 54. Ba3 Ra7 55. Re8+ Kf5 56. Rd8 Ke5 57. Kb3 Bd1+ 58. Kb4 Ra4+ 59. Kc5 Rxa3
60. Re8+ Kf4 61. Kxd5 e3 62. Re4+ Kf3 63. Re8 e2 64. Kc4 Re3 0-1

[Event "Wch Juvenil 2013 sub-14"]
[Site "Al-Ain UAE"]
[Date "2013.12.26"]
[Round "9.1"]
[White "Thilakarathne, G M S."]
[Black "Kokaia, Guram"]
[Result "0-1"]
[WhiteElo "1674"]
[BlackElo "1812"]
[PlyCount "106"]
[EventDate "2013.12.19"]
[EventType "swiss"]
[EventRounds "11"]
[EventCountry "UAE"]
[Source "lmi"]
[SourceDate "2013.12.19"]

1. e4 c5 2. Nf3 d6 3. d4 cxd4 4. Nxd4 Nf6 5. Nc3 g6 6. Be3 Bg7 7. Bc4 O-O 8. f3
Nc6 9. Qd2 Bd7 10. O-O-O Rc8 11. Bb3 Ne5 12. h4 h5 13. g4 hxg4 14. h5 Nxh5 15.
Bh6 Kh7 16. Bxg7 Kxg7 17. Rxh5 gxh5 18. Qg5+ Ng6 19. Nf5+ Bxf5 20. exf5 e6 21.
Qxh5 Qh4 22. Qxh4 Nxh4 23. fxe6 Nxf3 24. exf7 Rcd8 25. Bd5 Ne5 26. Rg1 Rxf7 27.
Bxf7 Kxf7 28. Ne4 Ke6 29. Kd1 Kf5 30. Ng3+ Kf4 31. Ke2 Nf3 32. Rg2 Re8+ 33. Kf2
Ne1 34. Nh5+ Kg5 35. Rxg4+ Kxh5 36. Rb4 Re7 37. Rd4 Nxc2 38. Rxd6 Kg5 39. a3
Kf5 40. Rd5+ Ke4 41. Rb5 Nd4 42. Rb4 b5 43. a4 a5 44. Rxd4+ Kxd4 45. axb5 Rb7
46. b4 axb4 47. b6 b3 48. Ke2 b2 49. Kd2 b1=Q 50. Ke2 Re7+ 51. Kf2 Qf5+ 52. Kg1
Rg7+ 53. Kh2 Qh5# 0-1

[Event "Wch Juvenil 2013 sub-14"]
[Site "Al-Ain UAE"]
[Date "2013.12.26"]
[Round "9.1"]
[White "Visakh, Nr"]
[Black "Xu, Minghui"]
[Result "1-0"]
[WhiteElo "2303"]
[BlackElo "2121"]
[PlyCount "87"]
[EventDate "2013.12.19"]
[EventType "swiss"]
[EventRounds "11"]
[EventCountry "UAE"]
[Source "lmi"]
[SourceDate "2013.12.19"]

1. e4 e5 2. Nf3 Nc6 3. Bb5 a6 4. Ba4 Nf6 5. O-O Be7 6. d3 b5 7. Bb3 O-O 8. a4
Bb7 9. Nc3 b4 10. Nd5 Nxd5 11. Bxd5 d6 12. Bd2 Rb8 13. c3 bxc3 14. Bxc3 Bf6 15.
Qc2 Qd7 16. Rfc1 Rfc8 17. Qe2 Nd8 18. Bxb7 Nxb7 19. b4 c5 20. Qa2 cxb4 21. Bxb4
a5 22. Bd2 Nc5 23. Rc3 d5 24. Rac1 dxe4 25. dxe4 Nxe4 26. Rxc8+ Rxc8 27. Rxc8+
Qxc8 28. Bxa5 Qc1+ 29. Be1 g5 30. Kf1 Nc5 31. Qd5 Ne6 32. a5 Nf4 33. Qe4 g4 34.
Nxe5 Bxe5 35. Qxe5 Qc4+ 36. Kg1 Ne2+ 37. Kh1 Nf4 38. Qb8+ Kg7 39. Qb2+ Kg6 40.
Qb1+ f5 41. Bd2 Nxg2 42. Qb6+ Kf7 43. Qb7+ Ke6 44. Kxg2 1-0

[Event "Wch Juvenil 2013 sub-14"]
[Site "Al-Ain UAE"]
[Date "2013.12.26"]
[Round "9.2"]
[White "Garcia Herrera, Enrique Ric"]
[Black "Isakzhanov, Aibek"]
[Result "1/2-1/2"]
[WhiteElo "1662"]
[BlackElo "1807"]
[PlyCount "58"]
[EventDate "2013.12.19"]
[EventType "swiss"]
[EventRounds "11"]
[EventCountry "UAE"]
[Source "lmi"]
[SourceDate "2013.12.19"]

1. Nf3 d5 2. c4 e6 3. g3 Nf6 4. Bg2 Be7 5. O-O O-O 6. d4 c6 7. Qc2 Nbd7 8. b3
Bd6 9. Nc3 dxc4 10. bxc4 e5 11. Rd1 Qe7 12. Bb2 e4 13. Ng5 e3 14. f4 h6 15.
Nge4 Nxe4 16. Qxe4 Nf6 17. Qxe7 Bxe7 18. Rd3 Bb4 19. Rxe3 Be6 20. c5 Bc4 21. a3
Bxc3 22. Bxc3 Rfe8 23. Re5 Bxe2 24. Rb1 Ba6 25. Rbe1 Rxe5 26. Rxe5 Re8 27.
Rxe8+ Nxe8 28. d5 cxd5 29. Bxd5 Nc7 1/2-1/2

[Event "Wch Juvenil 2013 sub-14"]
[Site "Al-Ain UAE"]
[Date "2013.12.26"]
[Round "9.2"]
[White "Rambaldi, Francesco"]
[Black "Martirosyan, Haik M"]
[Result "1-0"]
[WhiteElo "2385"]
[BlackElo "2131"]
[PlyCount "129"]
[EventDate "2013.12.19"]
[EventType "swiss"]
[EventRounds "11"]
[EventCountry "UAE"]
[Source "lmi"]
[SourceDate "2013.12.19"]

1. Nf3 Nf6 2. c4 c5 3. d4 cxd4 4. Nxd4 g6 5. g3 Bg7 6. Bg2 O-O 7. Nc3 Nc6 8.
O-O Nxd4 9. Qxd4 d6 10. Qd3 Bf5 11. e4 Be6 12. Bd2 Nd7 13. b3 a5 14. Rac1 Nc5
15. Qe2 Re8 16. Rfd1 Qb6 17. Be3 Rec8 18. e5 Bxe5 19. Bxc5 Rxc5 20. Na4 Qc7 21.
Nxc5 dxc5 22. Bxb7 Ra7 23. Bd5 Bf5 24. Be4 Be6 25. Qf3 Ra6 26. Bd5 Bd4 27. Bxe6
Rxe6 28. Rc2 Rf6 29. Qe4 e5 30. Qa8+ Kg7 31. Re2 h5 32. Kg2 Qd7 33. Qe4 Qc8 34.
Rde1 Qd7 35. Rf1 Qc8 36. h3 Re6 37. Qd5 Qc7 38. f4 Rd6 39. Qf3 Rf6 40. Qe4 Qd7
41. Rf3 exf4 42. Rxf4 Re6 43. Qf3 f5 44. Rxe6 Qxe6 45. Qd3 Qc6+ 46. Rf3 Qe6 47.
Rf1 Qe7 48. Qf3 Qe5 49. g4 hxg4 50. hxg4 Kf6 51. gxf5 gxf5 52. Rh1 Qe8 53. Rh6+
Kg5 54. Rc6 f4 55. Qd5+ Kg4 56. Qf3+ Kf5 57. Kf1 Qg8 58. Qh3+ Ke4 59. Ke2 Be3
60. Qe6+ Qxe6 61. Rxe6+ Kd4 62. Ra6 Ke4 63. Rxa5 f3+ 64. Kf1 Kd3 65. Rb5 1-0

[Event "Wch Juvenil 2013 sub-14"]
[Site "Al-Ain UAE"]
[Date "2013.12.26"]
[Round "9.3"]
[White "Aravindh, Chithambaram Vr"]
[Black "Dai, Changren"]
[Result "0-1"]
[WhiteElo "2415"]
[BlackElo "2216"]
[PlyCount "78"]
[EventDate "2013.12.19"]
[EventType "swiss"]
[EventRounds "11"]
[EventCountry "UAE"]
[Source "lmi"]
[SourceDate "2013.12.19"]

1. Nf3 Nf6 2. g3 g6 3. Bg2 Bg7 4. O-O O-O 5. d3 d5 6. Nbd2 Nbd7 7. e4 dxe4 8.
dxe4 e5 9. b3 Qe7 10. a4 b6 11. Ba3 c5 12. Qe2 Nb8 13. Rfd1 Ba6 14. Qe1 Nc6 15.
Bf1 Bxf1 16. Nxf1 Nd4 17. Nxd4 exd4 18. f3 Nd7 19. Kg2 Rae8 20. Nd2 Ne5 21. Qe2
f5 22. exf5 gxf5 23. Re1 Qb7 24. h3 Bh6 25. Nf1 Rf7 26. Nh2 Rfe7 27. Qf1 Bd2
28. Red1 Bc3 29. Rab1 Nf7 30. h4 Re2+ 31. Kh3 Qc6 32. Bc1 Rxc2 33. Qd3 Ree2 34.
Nf1 Ne5 35. Qxf5 Qxf3 36. Qc8+ Qf8 37. Qe6+ Qf7 38. Qc8+ Kg7 39. Bf4 Nd7 0-1

[Event "Wch Juvenil 2013 sub-14"]
[Site "Al-Ain UAE"]
[Date "2013.12.26"]
[Round "9.4"]
[White "Zajic, Milan"]
[Black "Liu, Yan"]
[Result "1-0"]
[WhiteElo "2340"]
[BlackElo "2256"]
[PlyCount "59"]
[EventDate "2013.12.19"]
[EventType "swiss"]
[EventRounds "11"]
[EventCountry "UAE"]
[Source "lmi"]
[SourceDate "2013.12.19"]

1. e4 c5 2. Nf3 e6 3. d4 cxd4 4. Nxd4 Nc6 5. Nc3 Qc7 6. Be3 a6 7. Qd2 Nf6 8. f4
Bb4 9. Bd3 d5 10. e5 Nd7 11. O-O Bc5 12. Nce2 Nb6 13. Kh1 Nxd4 14. Nxd4 Nc4 15.
Bxc4 dxc4 16. Ne2 b5 17. Bxc5 Qxc5 18. Ng3 Bb7 19. Nh5 Rg8 20. Rad1 Bd5 21. Qa5
Qc6 22. Rd2 Rd8 23. f5 exf5 24. Nf4 Rd7 25. Rfd1 Be6 26. Rd6 Rxd6 27. Rxd6 Qc8
28. Qb6 Rf8 29. Qa7 Rg8 30. Nxe6 1-0

[Event "Wch Juvenil 2013 sub-14"]
[Site "Al-Ain UAE"]
[Date "2013.12.26"]
[Round "9.5"]
[White "Fidrilakis, Stavros"]
[Black "Hiebert, Kenji"]
[Result "1/2-1/2"]
[WhiteElo "1629"]
[BlackElo "1769"]
[PlyCount "132"]
[EventDate "2013.12.19"]
[EventType "swiss"]
[EventRounds "11"]
[EventCountry "UAE"]
[Source "lmi"]
[SourceDate "2013.12.19"]

1. d4 Nf6 2. c4 e5 3. dxe5 Ng4 4. Nf3 Nc6 5. e3 Bb4+ 6. Nbd2 Ngxe5 7. a3 Bxd2+
8. Bxd2 d6 9. Nxe5 Nxe5 10. Bc3 Qe7 11. Be2 O-O 12. O-O b6 13. Bf3 Rb8 14. Rc1
Qg5 15. Bxe5 Qxe5 16. Qd4 Qg5 17. Bd5 Be6 18. f4 Qh5 19. Bf3 Bg4 20. Bxg4 Qxg4
21. Rf3 Qe6 22. f5 Qe5 23. Qxe5 dxe5 24. Rd1 Rfd8 25. Rd5 f6 26. Rf1 c6 27.
Rdd1 c5 28. Rd5 Rxd5 29. cxd5 e4 30. Kf2 Kf7 31. Kg3 Ke7 32. Kf4 Kd6 33. Kxe4
Re8+ 34. Kd3 Kxd5 35. Rf4 b5 36. e4+ Kd6 37. Rg4 Re7 38. Rh4 h6 39. Rg4 Rd7 40.
Ke3 Kc7 41. Kf4 Kd8 42. Rg3 Ke8 43. Rc3 c4 44. a4 a6 45. axb5 axb5 46. b3 cxb3
47. Rxb3 Rb7 48. e5 fxe5+ 49. Kxe5 Ke7 50. g4 b4 51. h4 Rb5+ 52. Ke4 Kf6 53.
Kf4 Rb6 54. g5+ hxg5+ 55. hxg5+ Kf7 56. Ke5 Rb5+ 57. Ke4 Ke8 58. f6 g6 59. Kf4
Kf7 60. Kg4 Ke6 61. Rf3 Rf5 62. Rb3 Rb5 63. Kh4 Rb7 64. Kg4 Kd5 65. f7 Rxf7 66.
Rxb4 Kc5 1/2-1/2

[Event "Wch Juvenil 2013 sub-14"]
[Site "Al-Ain UAE"]
[Date "2013.12.26"]
[Round "9.5"]
[White "Gledura, Benjamin"]
[Black "Atabayev, Saparmyrat"]
[Result "0-1"]
[WhiteElo "2399"]
[BlackElo "2203"]
[PlyCount "180"]
[EventDate "2013.12.19"]
[EventType "swiss"]
[EventRounds "11"]
[EventCountry "UAE"]
[Source "lmi"]
[SourceDate "2013.12.19"]

1. e4 c5 2. Nf3 d6 3. d4 cxd4 4. Nxd4 Nf6 5. Nc3 a6 6. Qe2 e5 7. Nf5 Be6 8. Bg5
Nbd7 9. O-O-O Qc7 10. Ne3 Be7 11. Bxf6 Nxf6 12. Ned5 Nxd5 13. Nxd5 Qc5 14. Kb1
Rc8 15. f3 f5 16. c3 Bd8 17. Qc2 O-O 18. Bd3 b5 19. h4 f4 20. h5 h6 21. Rd2 Rf7
22. Rhd1 Rb7 23. Be2 Bf7 24. Qb3 Qc6 25. Rc2 a5 26. a3 Rbb8 27. Rdc1 Qc5 28.
Rd1 Kf8 29. a4 bxa4 30. Qxa4 Be8 31. Qa2 Bxh5 32. b4 Bf7 33. b5 g5 34. Qa4 Kg7
35. Kb2 h5 36. Qa3 Qxa3+ 37. Kxa3 Bxd5 38. Rxd5 Bb6 39. Ka4 Bc5 40. Rd1 Kf6 41.
Rh1 Rh8 42. Kb3 Ra8 43. Ra2 Ra7 44. Ra4 Ke7 45. Rha1 Bb6 46. Rc4 Bc5 47. Rca4
Rha8 48. Rh1 h4 49. Bc4 Kd7 50. Rha1 Bb6 51. Bf7 Kc7 52. Be6 Bc5 53. Bg4 Kb6
54. c4 Bd4 55. Rd1 Kc5 56. Rd2 Kb6 57. Rc2 Rh8 58. Rd2 Rah7 59. Rda2 Ra7 60.
Rd2 Bc5 61. Rd1 Rah7 62. Bh3 Bd4 63. Rd2 Ra8 64. Rd1 Kc5 65. Rd2 Re7 66. Rda2
d5 67. exd5 e4 68. Be6 exf3 69. gxf3 g4 70. Rxa5 Rxa5 71. Rxa5 g3 72. Ra6 Bf2
73. Rc6+ Kd4 74. Bh3 Re3+ 75. Ka4 Rxf3 76. d6 Kc3 77. Bf1 Bb6 78. c5 Bd8 79.
Bh3 Rf2 80. b6 f3 81. d7 Ra2+ 82. Kb5 Rb2+ 83. Ka6 g2 84. Rg6 Kd4 85. Rg8 Kxc5
86. Kb7 Bxb6 87. Kc8 Kd4 88. Rg6 Rc2+ 89. Kb7 Bc7 90. Rd6+ Ke3 0-1

[Event "Wch Juvenil 2013 sub-14"]
[Site "Al-Ain UAE"]
[Date "2013.12.26"]
[Round "9.6"]
[White "Tari, Aryan"]
[Black "Li, Di"]
[Result "0-1"]
[WhiteElo "2418"]
[BlackElo "2091"]
[PlyCount "57"]
[EventDate "2013.12.19"]
[EventType "swiss"]
[EventRounds "11"]
[EventCountry "UAE"]
[Source "lmi"]
[SourceDate "2013.12.19"]

1. e4 e6 2. d4 d5 3. Nd2 dxe4 4. Nxe4 Bd7 5. Nf3 Bc6 6. Bd3 Nd7 7. Qe2 Ngf6 8.
Neg5 Bxf3 9. Qxf3 c6 10. Bd2 Qb6 11. O-O-O Qxd4 12. Be4 Qa4 13. Bc3 Be7 14. Kb1
Nb6 15. Rhe1 Qb5 16. h4 Na4 17. Be5 Rd8 18. Rxd8+ Bxd8 19. Bd3 Qa5 20. Re2 h6
21. Nxe6 fxe6 22. Qg3 O-O 23. Bd6 Re8 24. Qg6 Bc7 25. Bxc7 Qxc7 26. g4 Qb6 27.
c4 Nc3+ 28. Ka1 Nxe2 29. g5 0-1

[Event "Wch Juvenil 2013 sub-14"]
[Site "Al-Ain UAE"]
[Date "2013.12.26"]
[Round "9.7"]
[White "Shahaliyev, Ismayil Bahram"]
[Black "Cori Quispe, Kevin"]
[Result "1-0"]
[WhiteElo "2091"]
[BlackElo "2259"]
[PlyCount "87"]
[EventDate "2013.12.19"]
[EventType "swiss"]
[EventRounds "11"]
[EventCountry "UAE"]
[Source "lmi"]
[SourceDate "2013.12.19"]

1. e4 c5 2. Nf3 e6 3. d4 cxd4 4. Nxd4 Nc6 5. Nc3 Qc7 6. Be3 a6 7. Bd3 Nf6 8.
O-O Bd6 9. h3 O-O 10. Nb3 Be7 11. f4 d6 12. a4 b6 13. Qf3 Bb7 14. Qg3 Rfe8 15.
f5 Ne5 16. fxe6 fxe6 17. Nd4 Bc8 18. Nf3 Rf8 19. Qf2 Nfd7 20. Qe2 Bf6 21. Ra3
Nc6 22. Ng5 Nc5 23. Nxh7 Rf7 24. Nxf6+ gxf6 25. Qg4+ Kf8 26. Qh4 Qd8 27. Be2
Ke7 28. Raa1 Bb7 29. Rxf6 Rxf6 30. Qh7+ Rf7 31. Bg5+ Ke8 32. Qg8+ Rf8 33. Qg6+
Kd7 34. Bxd8 Raxd8 35. Rd1 Kc7 36. Qh6 Rf7 37. Bg4 Re7 38. Qe3 Kb8 39. Rf1 Ka7
40. a5 b5 41. Na2 Ka8 42. b4 Nd7 43. Qh6 Nd4 44. c3 1-0

[Event "Wch Juvenil 2013 sub-14"]
[Site "Al-Ain UAE"]
[Date "2013.12.26"]
[Round "9.8"]
[White "Kozusek, Daniel"]
[Black "Theodorou, Nikolas"]
[Result "1-0"]
[WhiteElo "2090"]
[BlackElo "2238"]
[PlyCount "85"]
[EventDate "2013.12.19"]
[EventType "swiss"]
[EventRounds "11"]
[EventCountry "UAE"]
[Source "lmi"]
[SourceDate "2013.12.19"]

1. e4 c5 2. Nf3 e6 3. d4 cxd4 4. Nxd4 Nc6 5. Nc3 Qc7 6. Be3 a6 7. Qd2 Nf6 8.
O-O-O Be7 9. f3 b5 10. g4 Nxd4 11. Bxd4 Bb7 12. h4 d5 13. g5 Nh5 14. e5 Ng3 15.
Rh2 Nf5 16. f4 Nxd4 17. Qxd4 Bc5 18. Qd3 O-O-O 19. Bh3 Kb8 20. Re1 Qa5 21. Rd2
d4 22. Ne4 Qxa2 23. c3 dxc3 24. Qxc3 Qa1+ 25. Kc2 Qxe1 26. Rxd8+ Rxd8 27. Qxe1
Be7 28. Nd6 Bxd6 29. exd6 Rxd6 30. Qe5 Kc7 31. Qxg7 Be4+ 32. Kc1 Bg6 33. Bg4
Rc6+ 34. Kd1 Rd6+ 35. Ke1 Rd7 36. h5 Bd3 37. Qe5+ Kd8 38. Qf6+ Re7 39. Kd2 Bb1
40. f5 e5 41. g6 fxg6 42. fxg6 hxg6 43. hxg6 1-0

[Event "Wch Juvenil 2013 sub-14"]
[Site "Al-Ain UAE"]
[Date "2013.12.26"]
[Round "9.8"]
[White "Roos, Daniel"]
[Black "Yu, Wenlu"]
[Result "1/2-1/2"]
[WhiteElo "1597"]
[BlackElo "1862"]
[PlyCount "50"]
[EventDate "2013.12.19"]
[EventType "swiss"]
[EventRounds "11"]
[EventCountry "UAE"]
[Source "lmi"]
[SourceDate "2013.12.19"]

1. e4 c5 2. Nf3 d6 3. d4 cxd4 4. Nxd4 Nf6 5. Nc3 a6 6. Be3 e5 7. Nb3 Be6 8. Qd2
Be7 9. O-O-O Ng4 10. g3 Nxe3 11. Qxe3 O-O 12. f4 Nd7 13. Kb1 Nf6 14. f5 Bd7 15.
Be2 b5 16. g4 b4 17. g5 bxc3 18. gxf6 Bxf6 19. Rxd6 Be7 20. Rg1 Bxd6 21. Qh6 g6
22. fxg6 fxg6 23. Rxg6+ hxg6 24. Qxg6+ Kh8 25. Qh6+ Kg8 1/2-1/2

[Event "Wch Juvenil 2013 sub-14"]
[Site "Al-Ain UAE"]
[Date "2013.12.26"]
[Round "9.9"]
[White "Dolinar, Jan"]
[Black "Rafili, Said Elchin"]
[Result "1-0"]
[WhiteElo "1828"]
[BlackElo "1611"]
[PlyCount "99"]
[EventDate "2013.12.19"]
[EventType "swiss"]
[EventRounds "11"]
[EventCountry "UAE"]
[Source "lmi"]
[SourceDate "2013.12.19"]

1. e4 c6 2. Ne2 d5 3. e5 c5 4. d4 Nc6 5. c3 Bf5 6. Ng3 Bg6 7. h4 e6 8. Nd2 h6
9. Nf3 cxd4 10. cxd4 Qb6 11. a3 Nge7 12. Bd3 O-O-O 13. Bxg6 Nxg6 14. O-O Be7
15. h5 Nh4 16. Nxh4 Bxh4 17. Ne2 Rdg8 18. b4 g6 19. hxg6 Rxg6 20. Be3 Bg5 21.
Rc1 Rhg8 22. Bxg5 Rxg5 23. g3 Kb8 24. Rc5 h5 25. Kg2 h4 26. Qd3 Ne7 27. Rfc1
hxg3 28. fxg3 Nf5 29. R1c3 Rg4 30. Qc2 a6 31. Rc8+ Rxc8 32. Rxc8+ Ka7 33. Qc5
Qxc5 34. dxc5 Re4 35. Nc3 Re3 36. Na4 Ne7 37. Re8 Nc6 38. Nb6 Nb8 39. Rf8 Rxe5
40. Rxb8 Kxb8 41. Nd7+ Kc7 42. Nxe5 f5 43. Kf3 b6 44. c6 Kd6 45. Ke3 a5 46. b5
Kc7 47. Kd4 Kd6 48. Nf7+ Kc7 49. Ke5 Kc8 50. Kxe6 1-0